000 00436pab a2200169 454500
008 180718b2001 xxu||||| |||| 00| 0 eng d
100 _aRausaria, R.R.
245 _aInstitutional models for distance learning in India
260 _c2001
300 _ap.9-12
362 _a2 Jul
650 _aDistance education - India
650 _aDistance education
700 _aBhushan, Bharat
773 _aUniversity News
909 _a49021
999 _c49021
_d49021